00542nam a2200145Ia 4500008004100000020001500041050002100056245007100077260003400148300001800182490002500200505008600225650004300311700004200354120626s2005 mx 000 0 spa d a9707804807 aBF775 bA67 2005 aAnatomía del mexicanoc / Seleción y prólogo de Roger Bartra aMéxico b: Debolsilloc2005 a318 páginas aEnsayo y filosofía aPrimeras disecciones Invención de una anatomía Resurrecciones y autopsias aMEXICANOxCARACTERÍSTICAS NACIONALES aBartra, Roger eSelección y prologo